| 000 | 00318cam a22001217a 4500 | ||
|---|---|---|---|
| 008 | 180718b1970 xxu||||| |||| 00| 0 eng d | ||
| 082 | _aT444 B299 | ||
| 100 | _aBasu, S.K. | ||
| 245 |
_aEconomics of hire-purchasing credit _cby S.K. Basu |
||
| 260 |
_aBombay _bAsia _c1970 |
||
| 300 | _a223p. | ||
| 650 | _aInstalment Plans | ||
| 999 |
_c359092 _d359092 |
||